| 000 | 00849nam a2200277Ia 4500 | ||
|---|---|---|---|
| 003 | OSt | ||
| 005 | 20221005092337.0 | ||
| 006 | a|||||r|||| 00| 0 | ||
| 007 | ta | ||
| 008 | 221004b |||||||| |||| 00| 0 eng d | ||
| 020 |
_a9781138580084 (pbk) _cUKP 36.99 |
||
| 024 | _a65696 | ||
| 037 |
_b108, 17/01/2020, Classic Book Service _cTextual |
||
| 040 |
_aCRL _cCRL _beng |
||
| 041 |
_2eng _aeng |
||
| 082 | _aR4(L), R0 | ||
| 100 |
_aVeatch Robert M. Au. _9617175 |
||
| 245 | 0 | _aBasics of bioethics | |
| 250 | _a4th Ed. | ||
| 260 |
_aNew York _bRoutledge USA _c2020 |
||
| 300 |
_axxvii,295p. _ccm. |
||
| 650 | _aETHICS | ||
| 700 |
_a Guidry- Grimes Laura K. Au. _9617176 |
||
| 942 |
_hR4(L), R0 _cTEXL _2cc |
||
| 999 |
_c998693 _d998693 |
||